| 000 | 02255cam a2200541Ii 4500 | ||
|---|---|---|---|
| 001 | sjds1072947 | ||
| 003 | sjds | ||
| 005 | 20200706081423.0 | ||
| 008 | 950531s1996 caua b 000 1 spa | ||
| 010 | _a 95022798 | ||
| 020 |
_a0152010211 _q(paperback) |
||
| 020 |
_a9780152010218 _q(paperback) |
||
| 035 | _a720401 | ||
| 035 |
_a(OCoLC)32779793 _z(OCoLC)40115996 _z(OCoLC)63161594 |
||
| 035 | _a(OCoLC)ocm32779793 | ||
| 035 | _a135696 | ||
| 035 | _a720401 | ||
| 040 |
_aDLC _beng _cDLC _dGCV _dOCLCQ _dIF9 _dIHV _dBDX _dE4K _dOCLCO _dOCLCF _dOCLCQ _dOCLCO _dOCLCA |
||
| 041 | 1 |
_aspa _heng |
|
| 042 | _alcac | ||
| 049 | _aIFAA | ||
| 099 | _f1996 | ||
| 100 | 1 |
_aEhlert, Lois, _eauthor. |
|
| 240 | 1 | 0 |
_aFeathers for lunch. _lSpanish |
| 245 | 1 | 0 |
_aPlumas para almorzar / _cescrito por Lois Ehlert ; traducido por Alma Flor Ada, F. Isabel Campoy. |
| 260 |
_aSan Diego : _bLibros Viajeros, Harcourt Brace & Co., _c1996. |
||
| 300 |
_a1 volume [34] pages : _bcolor illustrations ; _c31 cm |
||
| 336 |
_atext _btxt _2rdacontent |
||
| 337 |
_aunmediated _bn _2rdamedia |
||
| 338 |
_avolume _bnc _2rdacarrier |
||
| 500 | _aTítulo original: Feathers for lunch. | ||
| 520 | _aAn escaped housecat encounters twelve birds in the back yard but fails to catch any of them and has to eat feathers for lunch. | ||
| 520 | _aEl gato se ha escapado. Busca algo para almorzar y el jardín está lleno de pájaros. | ||
| 546 | _aText in Spanish. | ||
| 650 | 0 |
_aCats _vJuvenile fiction. |
|
| 650 | 0 |
_aBirds _vJuvenile fiction. |
|
| 650 | 0 |
_aStories in rhyme _vJuvenile literature. |
|
| 650 | 7 |
_aGatos _vNovela juvenil. _2bidex |
|
| 650 | 7 |
_aAves _vNovela juvenil. _2bidex |
|
| 650 | 7 |
_aCuentos en rimas _vLiteratura juvenil. _2bidex |
|
| 700 | 1 | _aAda, Alma Flor. | |
| 700 | 1 | _aCampoy, F. Isabel. | |
| 856 | 4 | 2 |
_3Contributor biographical information _uhttp://catdir.loc.gov/catdir/enhancements/fy0711/95022798-b.html |
| 856 | 4 | 2 |
_3Publisher description _uhttp://catdir.loc.gov/catdir/description/har031/95022798.html |
| 856 | 4 | 2 |
_3Contributor biographical information _uhttp://catdir.loc.gov/catdir/enhancements/fy0711/95022798-b.html |
| 856 | 4 | 2 |
_3Publisher description _uhttp://catdir.loc.gov/catdir/description/har031/95022798.html |
| 942 |
_cBK _2ddc |
||
| 999 |
_c24666 _d24666 |
||